| 000 | 00520nam a22001817a 4500 | ||
|---|---|---|---|
| 003 | OSt | ||
| 005 | 20260203150359.0 | ||
| 008 | 260203b |||||||| |||| 00| 0 eng d | ||
| 020 | _a9789354662744 | ||
| 040 | _cCBS PUB | ||
| 082 |
_29 _a614..1/SUB |
||
| 100 | _aSUBRAHMANYAM | ||
| 245 | _aPARIKH'S TEXTBOOK OF MEDICAL IURISPRUDENCE FORENSIC. MEDICINE AND TOXICOLOGY. | ||
| 260 |
_aB.M.S.G.B.PUNE _bCBS PUB _c2025 |
||
| 300 | _aXXVI;PB;786; | ||
| 500 | _aBILL NO - 6409 DATE - 13/01/2026 | ||
| 942 |
_2ddc _cTB _e9 _n0 |
||
| 999 |
_c1215351 _d1215351 |
||